Tvorba a použitie sociálneho fondu v účtovnej jednotke bakalárska práca

Na minha lista:
Detalhes bibliográficos
Autor principal: Vašeková, Lenka
Autor Corporativo: Fakulta hospodárskej informatiky EU. Katedra účtovníctva a audítorstva
Outros Autores: Domaracká, Denisa
Formato: Livro
Idioma:eslovaco
Publicado em: Bratislava 2017
Tags: Adicionar Tag
Sem tags, seja o primeiro a adicionar uma tag!

MARC

LEADER 00000nbm a2200000 4500
001 0233090
005 20180412143820.5
041 0 |a slo 
044 |a SK 
245 1 0 |a Tvorba a použitie sociálneho fondu v účtovnej jednotke  |b bakalárska práca  |c Lenka Vašeková ; školiteľ: Denisa Domaracká 
264 1 |a Bratislava  |c 2017 
300 |a 40 s. 
100 1 |a Vašeková, Lenka 
700 1 |a Domaracká, Denisa 
710 2 |a Fakulta hospodárskej informatiky EU. Katedra účtovníctva a audítorstva